[Event "Mittelfrank Regionalliga Nord-West 2223"]
[Site "Mittelfranken"]
[Date "2023.04.23"]
[Round "9.6"]
[White "Markert, Markus"]
[Black "Schmid, Tilman"]
[Result "0-1"]
[WhiteElo "1906"]
[BlackElo "1834"]
[PlyCount "88"]
[EventDate "2022.10.09"]
[EventType "team-tourn"]
[EventRounds "9"]
[EventCountry "GER"]
[SourceTitle "EXT 2024"]
[Source "ChessBase"]
[SourceDate "2023.10.10"]
[SourceVersion "1"]
[SourceVersionDate "2023.10.10"]
[SourceQuality "1"]
[WhiteTeam "Bad Neustadt"]
[BlackTeam "Stetten"]
[WhiteTeamCountry "GER"]
[BlackTeamCountry "GER"]

1. d4 d5 2. Bf4 Nf6 3. Nf3 e6 4. Nbd2 Be7 5. e3 b6 6. Bd3 Bb7 7. c3 Nbd7 8. h3 0-0 9. Qb1 Re8 10. Ng5 Nf8 11. Be5 g6 12. Ngf3 Bd6 13. h4 h5 14. Bxf6 Qxf6 15. Ng5 e5 16. dxe5 Bxe5 17. 0-0 Bd6 18. Qc2 Ne6 19. Ndf3 c5 20. Rae1 Rad8 21. Nxe6 Rxe6 22. Ng5 Re7 23. e4 dxe4 24. Bxe4 Rde8 25. Qb1 Bxe4 26. Rxe4 Rxe4 27. Nxe4 Bh2+ 28. Kxh2 Qxh4+ 29. Kg1 Qxe4 30. Qc1 Qe2 31. a4 a5 32. b3 Kg7 33. Qa1 Re6 34. b4 cxb4 35. cxb4+ Qe5 36. Qa3 Rc6 37. bxa5 bxa5 38. Rb1 Rc4 39. g3 h4 40. Rb5 Qe1+ 41. Kg2 h3+ 42. Kh2 Qxf2+ 43. Kxh3 Qf1+ 44. Kh2 Rc2# 0-1

[Event "Mittelfrank Regionalliga Nord-West 2223"]
[Site "Mittelfranken"]
[Date "2022.12.11"]
[Round "4.5"]
[White "Markert, Markus"]
[Black "Moenius, Alexander"]
[Result "1/2-1/2"]
[WhiteElo "1906"]
[BlackElo "1939"]
[PlyCount "84"]
[EventDate "2022.10.09"]
[EventType "team-tourn"]
[EventRounds "9"]
[EventCountry "GER"]
[SourceTitle "EXT 2024"]
[Source "ChessBase"]
[SourceDate "2023.10.10"]
[SourceVersion "1"]
[SourceVersionDate "2023.10.10"]
[SourceQuality "1"]
[WhiteTeam "Bad Neustadt"]
[BlackTeam "Hoechstadt/Aisch"]
[WhiteTeamCountry "GER"]
[BlackTeamCountry "GER"]

1. d4 d5 2. Bf4 Nf6 3. Nf3 c5 4. c3 e6 5. Nbd2 Bd6 6. Bxd6 Qxd6 7. e3 Nc6 8. Bd3 0-0 9. 0-0 e5 10. dxe5 Nxe5 11. Nxe5 Qxe5 12. Qc2 b6 13. e4 c4 14. Be2 Nxe4 15. Nxe4 Qxe4 16. Qxe4 dxe4 17. Bxc4 Bb7 18. Rad1 Rad8 19. Rfe1 g6 20. Bb3 Kg7 21. Rxd8 Rxd8 22. Rd1 Rxd1+ 23. Bxd1 Bd5 24. b3 f5 25. Kf1 Kf6 26. Ke2 Ke5 27. g3 g5 28. Bc2 f4 29. Bb1 h5 30. Bc2 h4 31. gxh4 gxh4 32. Kd2 Bc6 33. Bd1 Kf5 34. Be2 Kg5 35. c4 Kf5 36. Kc3 Ke5 37. Bg4 e3 38. fxe3 fxe3 39. b4 Kf4 40. Be2 Bf3 41. Kd3 Be4+ 42. Kd4 Bf3 1/2-1/2

[Event "Mittelfrank Regionalliga Nord-West 2122"]
[Site "Mittelfranken"]
[Date "2022.05.15"]
[Round "5.6"]
[White "Horther, Heinrich"]
[Black "Markert, Markus"]
[Result "1/2-1/2"]
[WhiteElo "1891"]
[BlackElo "1961"]
[PlyCount "60"]
[EventDate "2021.10.24"]
[EventType "team-tourn"]
[EventRounds "9"]
[EventCountry "GER"]
[SourceTitle "EXT 2024"]
[Source "ChessBase"]
[SourceDate "2023.10.10"]
[SourceVersion "1"]
[SourceVersionDate "2023.10.10"]
[SourceQuality "1"]
[WhiteTeam "Kronach"]
[BlackTeam "Bad Neustadt"]
[WhiteTeamCountry "GER"]
[BlackTeamCountry "GER"]

1. e4 e6 2. d4 d5 3. exd5 exd5 4. Bd3 Nf6 5. Nf3 Bd6 6. 0-0 0-0 7. Re1 Bg4 8. Bg5 Nbd7 9. Nbd2 c6 10. c3 Qc7 11. Qc2 Rfe8 12. h3 Bh5 13. Rxe8+ Rxe8 14. Re1 Rxe1+ 15. Nxe1 Bh2+ 16. Kh1 Bf4 17. Nef3 Qd6 18. Kg1 Nf8 19. Bxf4 Qxf4 20. g3 Qh6 21. Kg2 Ne6 22. Ne5 Ng5 23. h4 Ne6 24. Bf5 Bg6 25. Nf1 Ne4 26. Nxg6 hxg6 27. Bxe4 dxe4 28. Ne3 g5 29. Qxe4 gxh4 30. gxh4 Qf6 1/2-1/2

[Event "Regionalliga Nord-West 1819"]
[Site "Bayern"]
[Date "2019.03.24"]
[Round "8.7"]
[White "Markert, Markus"]
[Black "Drechsel, Hans Juergen"]
[Result "1-0"]
[WhiteElo "1913"]
[BlackElo "1507"]
[PlyCount "65"]
[EventDate "2018.10.21"]
[EventType "team-tourn"]
[EventRounds "9"]
[EventCountry "GER"]
[SourceTitle "EXT 2022"]
[Source "ChessBase"]
[SourceDate "2021.10.06"]
[SourceVersion "1"]
[SourceVersionDate "2021.10.06"]
[SourceQuality "1"]
[WhiteTeam "Bad Neustadt"]
[BlackTeam "Seubelsdorf"]
[WhiteTeamCountry "GER"]
[BlackTeamCountry "GER"]

1. d4 d5 2. Nf3 Nf6 3. Bf4 Bf5 4. e3 Nbd7 5. Bd3 Bxd3 6. cxd3 e6 7. Qb3 b6 8. Nc3 Bd6 9. Bxd6 cxd6 10. Nb5 0-0 11. Rc1 Rc8 12. 0-0 Qe7 13. Nxa7 Rxc1 14. Rxc1 Ra8 15. Nb5 e5 16. Rc6 e4 17. Ne1 exd3 18. Nxd3 Ng4 19. h3 Nxe3 20. fxe3 Qxe3+ 21. Kh2 Nf6 22. Nxd6 Nh5 23. Nf5 Qe4 24. Ng3 Nxg3 25. Kxg3 Qxd4 26. Rxb6 h5 27. Rb8+ Rxb8 28. Qxb8+ Kh7 29. Qb3 h4+ 30. Kh2 f5 31. Qd1 g5 32. Qh5+ Kg7 33. Qxg5+ 1-0

[Event "Regionalliga Nord-West 1718"]
[Site "Bayern"]
[Date "2018.04.15"]
[Round "9.5"]
[White "Markert, Markus"]
[Black "Schleupner, Kurt"]
[Result "1-0"]
[WhiteElo "1905"]
[BlackElo "1770"]
[PlyCount "88"]
[EventDate "2017.10.22"]
[EventType "team-tourn"]
[EventRounds "9"]
[EventCountry "GER"]
[SourceTitle "EXT 2022"]
[Source "ChessBase"]
[SourceDate "2021.10.06"]
[SourceVersion "1"]
[SourceVersionDate "2021.10.06"]
[SourceQuality "1"]
[WhiteTeam "Bad Neustadt"]
[BlackTeam "Hof PTSV"]
[WhiteTeamCountry "GER"]
[BlackTeamCountry "GER"]

1. d4 Nf6 2. Bf4 g6 3. Nf3 d6 4. e3 Bg7 5. Bd3 0-0 6. Nbd2 b6 7. c3 Bb7 8. Qc2 e6 9. h4 Nh5 10. 0-0-0 Nd7 11. g4 Nxf4 12. exf4 e5 13. dxe5 dxe5 14. f5 Re8 15. fxg6 hxg6 16. Bc4 Qf6 17. Rh3 Nc5 18. g5 Qf5 19. Qxf5 gxf5 20. g6 Ne6 21. gxf7+ Kxf7 22. Ng5+ Kf6 23. Bxe6 Rxe6 24. Nxe6 Kxe6 25. Rg1 Bf6 26. h5 Rh8 27. h6 Rh7 28. Kd1 Bc6 29. Ke2 Be8 30. Nf3 Ke7 31. Ng5 Rh8 32. h7 Bb5+ 33. Ke3 Bd7 34. Rh6 Bb5 35. b3 Bc6 36. Nf3 Bd5 37. Nh4 f4+ 38. Ke2 Bf7 39. Ng6+ Bxg6 40. Rgxg6 Kf7 41. Rg1 Be7 42. f3 Bf6 43. c4 Re8 44. Rd1 Ke6 1-0

[Event "Regionalliga Nord-West 1718"]
[Site "Bayern"]
[Date "2018.02.25"]
[Round "7.6"]
[White "Kwossek, Georg"]
[Black "Markert, Markus"]
[Result "1/2-1/2"]
[WhiteElo "1973"]
[BlackElo "1905"]
[PlyCount "65"]
[EventDate "2017.10.22"]
[EventType "team-tourn"]
[EventRounds "9"]
[EventCountry "GER"]
[SourceTitle "EXT 2022"]
[Source "ChessBase"]
[SourceDate "2021.10.06"]
[SourceVersion "1"]
[SourceVersionDate "2021.10.06"]
[SourceQuality "1"]
[WhiteTeam "Kitzingen SC"]
[BlackTeam "Bad Neustadt"]
[WhiteTeamCountry "GER"]
[BlackTeamCountry "GER"]

1. d4 d5 2. c4 e6 3. Nf3 Nf6 4. g3 c6 5. Bg2 Bd6 6. 0-0 Nbd7 7. Qc2 0-0 8. Nbd2 Re8 9. e4 dxe4 10. Nxe4 Nxe4 11. Qxe4 e5 12. Re1 Nf6 13. Qh4 exd4 14. Bg5 Be7 15. Qxd4 Be6 16. Qc3 Qb6 17. Be3 Bb4 18. Qc2 Qa5 19. Bd2 Bxc4 20. Rxe8+ Rxe8 21. Bg5 Be6 22. Bxf6 gxf6 23. Nd4 Qc5 24. Qe4 Bd7 25. Qd3 Qd6 26. Rd1 c5 27. Nf3 Qxd3 28. Rxd3 Bb5 29. Rd6 Re2 30. Bf1 c4 31. Rd8+ Re8 32. Rxe8+ Bxe8 33. Bxc4 1/2-1/2

[Event "Regionalliga Nord-West 1718"]
[Site "Bayern"]
[Date "2018.01.21"]
[Round "5.5"]
[White "Markert, Markus"]
[Black "Rebhan, Gilbert Andre"]
[Result "1/2-1/2"]
[WhiteElo "1905"]
[BlackElo "1904"]
[PlyCount "78"]
[EventDate "2017.10.22"]
[EventType "team-tourn"]
[EventRounds "9"]
[EventCountry "GER"]
[SourceTitle "EXT 2022"]
[Source "ChessBase"]
[SourceDate "2021.10.06"]
[SourceVersion "1"]
[SourceVersionDate "2021.10.06"]
[SourceQuality "1"]
[WhiteTeam "Bad Neustadt"]
[BlackTeam "Kronach"]
[WhiteTeamCountry "GER"]
[BlackTeamCountry "GER"]

1. d4 Nc6 2. Nf3 d6 3. Bf4 Nf6 4. e3 g6 5. c3 Bg7 6. Bd3 0-0 7. Nbd2 e5 8. Bg5 Qe8 9. 0-0 h6 10. dxe5 dxe5 11. Bxf6 Bxf6 12. Qb3 Rb8 13. Ne4 Be7 14. Bb5 Be6 15. Qa4 f6 16. Bc4 Qf7 17. Bxe6 Qxe6 18. Rfd1 f5 19. Ng3 Kg7 20. Qb3 Qxb3 21. axb3 Rfd8 22. b4 a6 23. Kf1 Kf7 24. Ke2 Rxd1 25. Rxd1 Rd8 26. Rxd8 Bxd8 27. e4 f4 28. Nf1 Ke6 29. N1d2 Be7 30. Nb3 b6 31. Kd3 g5 32. h3 h5 33. Nh2 Nd8 34. f3 Kd7 35. Nf1 Ne6 36. Nfd2 Nd8 37. Kc4 Nb7 38. Kd3 Ke6 39. Nc4 Bf8 1/2-1/2

[Event "Regionalliga NW 1617"]
[Site "Bayern"]
[Date "2016.12.04"]
[Round "3.7"]
[White "Zoeller, Bernd"]
[Black "Markert, Markus"]
[Result "1-0"]
[WhiteElo "1936"]
[BlackElo "1901"]
[PlyCount "59"]
[EventDate "2016.10.16"]
[EventType "team-tourn"]
[EventRounds "9"]
[EventCountry "GER"]
[SourceTitle "EXT 2019"]
[Source "ChessBase"]
[SourceDate "2018.10.10"]
[SourceVersion "1"]
[SourceVersionDate "2018.10.10"]
[SourceQuality "1"]
[WhiteTeam "Klingenberg/Main"]
[BlackTeam "Bad Neustadt"]
[WhiteTeamCountry "GER"]
[BlackTeamCountry "GER"]

1. d4 e6 2. Nf3 d5 3. c4 Nf6 4. Nc3 h6 5. e3 b6 6. cxd5 exd5 7. Bd3 Be7 8. Qa4+ c6 9. 0-0 0-0 10. Bd2 Bd6 11. h3 Re8 12. Qc2 Nbd7 13. e4 dxe4 14. Nxe4 Nxe4 15. Bxe4 Ba6 16. Rfe1 Rc8 17. Bh7+ Kh8 18. Rxe8+ Qxe8 19. Re1 Qd8 20. Bf5 Rc7 21. Qe4 Nf6 22. Qh4 Bf8 23. Bf4 Re7 24. Be5 Re8 25. g4 Bc8 26. Bc2 Bd6 27. g5 Bxe5 28. Nxe5 Rxe5 29. Rxe5 Nh7 30. Qe4 1-0

[Event "Regionalliga NW 1516"]
[Site "Bayern"]
[Date "2016.03.13"]
[Round "8.6"]
[White "Kinkelin, Ulrich"]
[Black "Markert, Markus"]
[Result "1/2-1/2"]
[WhiteElo "1891"]
[BlackElo "1904"]
[PlyCount "128"]
[EventDate "2015.10.11"]
[EventType "team-tourn"]
[EventRounds "9"]
[EventCountry "GER"]
[SourceTitle "EXT 2018"]
[Source "ChessBase"]
[SourceDate "2017.10.13"]
[SourceVersion "1"]
[SourceVersionDate "2017.10.13"]
[SourceQuality "1"]
[WhiteTeam "Wuerzburg"]
[BlackTeam "Bad Neustadt"]
[WhiteTeamCountry "GER"]
[BlackTeamCountry "GER"]

1. e4 e6 2. d4 d5 3. Nc3 Nf6 4. Bg5 Be7 5. e5 Nfd7 6. h4 a6 7. Qg4 g6 8. Bxe7 Qxe7 9. h5 f5 10. exf6 Nxf6 11. Qh3 Nxh5 12. 0-0-0 Nc6 13. Qe3 Bd7 14. Re1 Nf6 15. Nh3 0-0-0 16. Nf4 Rde8 17. a3 Qg7 18. Nd3 Ng4 19. Qf4 Qxd4 20. Qxd4 Nxd4 21. Rh4 h5 22. f3 Nf5 23. Rh3 Nge3 24. Ne5 Rhg8 25. g4 Nxf1 26. Nxd7 Kxd7 27. gxf5 d4 28. Ne4 Ne3 29. Nf6+ Ke7 30. Nxe8 Kxe8 31. fxe6 Ke7 32. Rg1 Kxe6 33. Rxh5 Rg7 34. Rh4 c5 35. Rg5 Nf5 36. Rh8 Kf6 37. Rg1 Ne7 38. Rf8+ Ke6 39. Re1+ Kd7 40. Rb8 Kc7 41. Rf8 Nd5 42. Rg1 Kd7 43. Rf5 Ke6 44. Rgg5 gxf5 45. Rxg7 b6 46. Rg6+ Ke5 47. Kd2 a5 48. Rh6 Kf4 49. Ke2 Ke5 50. Kf2 a4 51. Rc6 Kf4 52. Re6 b5 53. Rc6 c4 54. Rc5 Ne3 55. Rxb5 Nxc2 56. Rd5 d3 57. Rd8 Ke5 58. Rd7 f4 59. Rd8 Ne3 60. Re8+ Kd5 61. Rd8+ Ke5 62. Ke1 Nc2+ 63. Kf2 Ne3 64. Ke1 Nc2+ 1/2-1/2

[Event "Regionalliga NW 1516"]
[Site "Bayern"]
[Date "2015.12.13"]
[Round "4.5"]
[White "Reichel, Alfred"]
[Black "Markert, Markus"]
[Result "1/2-1/2"]
[WhiteElo "1954"]
[BlackElo "1904"]
[PlyCount "44"]
[EventDate "2015.10.11"]
[EventType "team-tourn"]
[EventRounds "9"]
[EventCountry "GER"]
[SourceTitle "EXT 2018"]
[Source "ChessBase"]
[SourceDate "2017.10.13"]
[SourceVersion "1"]
[SourceVersionDate "2017.10.13"]
[SourceQuality "1"]
[WhiteTeam "Kirchenlaibach"]
[BlackTeam "Bad Neustadt"]
[WhiteTeamCountry "GER"]
[BlackTeamCountry "GER"]

1. e4 e6 2. d4 d5 3. Nc3 Nf6 4. Bg5 Be7 5. e5 Nfd7 6. Bxe7 Qxe7 7. f4 a6 8. Nf3 c5 9. Qd2 Nc6 10. g3 b5 11. Bg2 Nb6 12. b3 Bd7 13. dxc5 Qxc5 14. Ne2 Rc8 15. Nfd4 Nxd4 16. Qxd4 0-0 17. Qxc5 Rxc5 18. Nd4 Nc8 19. Kd2 Na7 20. c3 Rfc8 21. Rac1 R5c7 22. Rhd1 g6 1/2-1/2

[Event "Regionalliga NW 1516"]
[Site "Bayern"]
[Date "2015.10.25"]
[Round "2.6"]
[White "Markert, Markus"]
[Black "Moenius, Alexander"]
[Result "1-0"]
[WhiteElo "1904"]
[BlackElo "1850"]
[PlyCount "105"]
[EventDate "2015.10.11"]
[EventType "team-tourn"]
[EventRounds "9"]
[EventCountry "GER"]
[SourceTitle "EXT 2018"]
[Source "ChessBase"]
[SourceDate "2017.10.13"]
[SourceVersion "1"]
[SourceVersionDate "2017.10.13"]
[SourceQuality "1"]
[WhiteTeam "Bad Neustadt"]
[BlackTeam "Hoechstadt/Aisch"]
[WhiteTeamCountry "GER"]
[BlackTeamCountry "GER"]

1. d4 d5 2. Nf3 Nf6 3. Bf4 Bf5 4. e3 e6 5. Bd3 Bg6 6. Bxg6 hxg6 7. Nbd2 Bd6 8. Ne5 Nh5 9. Ndf3 Nxf4 10. exf4 Nd7 11. Qd3 Bxe5 12. fxe5 Nb6 13. h3 Qe7 14. b3 Rc8 15. 0-0 0-0 16. Qe3 c5 17. c3 cxd4 18. cxd4 Rc6 19. Rac1 Rfc8 20. Rxc6 Rxc6 21. Rc1 Qc7 22. Rxc6 Qxc6 23. Ng5 Qe8 24. Qf4 Nd7 25. Qc1 Qd8 26. f4 Nf8 27. Qa3 a6 28. Qc5 Nh7 29. h4 Nxg5 30. hxg5 Qd7 31. Kf2 Qd8 32. Ke3 Qd7 33. Kd3 Qd8 34. Kc3 Qd7 35. Kb4 Qd8 36. a4 Qd7 37. Ka5 Qd8+ 38. Qb6 Qc8 39. b4 Kh7 40. g3 Kg8 41. Qd6 Kh7 42. Kb6 Qe8 43. a5 Qb5+ 44. Ka7 Qd3 45. Qc5 Qxg3 46. Kxb7 Qxf4 47. Kxa6 f5 48. gxf6 gxf6 49. Qe7+ Kh6 50. exf6 Qxd4 51. f7 Qc4+ 52. Kb6 Qd4+ 53. Kb7 1-0

[Event "Regionalliga NW 1415"]
[Site "Bayern"]
[Date "2015.04.12"]
[Round "9.6"]
[White "Schleupner, Kurt"]
[Black "Markert, Markus"]
[Result "1/2-1/2"]
[WhiteElo "1765"]
[BlackElo "1904"]
[PlyCount "32"]
[EventDate "2014.10.19"]
[EventType "team-tourn"]
[EventRounds "9"]
[EventCountry "GER"]
[SourceTitle "EXT 2018"]
[Source "ChessBase"]
[SourceDate "2017.10.13"]
[SourceVersion "1"]
[SourceVersionDate "2017.10.13"]
[SourceQuality "1"]
[WhiteTeam "Hof PTSV"]
[BlackTeam "Bad Neustadt"]
[WhiteTeamCountry "GER"]
[BlackTeamCountry "GER"]

1. e4 e6 2. d4 d5 3. Nc3 Nf6 4. Bg5 Be7 5. Bxf6 Bxf6 6. e5 Be7 7. Qg4 0-0 8. Bd3 c5 9. dxc5 Bxc5 10. Nf3 Qb6 11. 0-0 Bd7 12. Bxh7+ Kxh7 13. Qh5+ Kg8 14. Ng5 Rc8 15. Qxf7+ Kh8 16. Qh5+ Kg8 1/2-1/2

[Event "Regionalliga NW 1415"]
[Site "Bayern"]
[Date "2015.03.15"]
[Round "8.6"]
[White "Markert, Markus"]
[Black "Wilfert, Andre"]
[Result "1/2-1/2"]
[WhiteElo "1904"]
[BlackElo "1988"]
[PlyCount "74"]
[EventDate "2014.10.19"]
[EventType "team-tourn"]
[EventRounds "9"]
[EventCountry "GER"]
[SourceTitle "EXT 2018"]
[Source "ChessBase"]
[SourceDate "2017.10.13"]
[SourceVersion "1"]
[SourceVersionDate "2017.10.13"]
[SourceQuality "1"]
[WhiteTeam "Bad Neustadt"]
[BlackTeam "Marktleuthen"]
[WhiteTeamCountry "GER"]
[BlackTeamCountry "GER"]

1. d4 f5 2. Nf3 Nf6 3. Nbd2 g6 4. e3 Bg7 5. Bd3 0-0 6. c3 d6 7. Qb3+ e6 8. e4 d5 9. exf5 exf5 10. 0-0 c6 11. Ne5 Nbd7 12. Re1 Nxe5 13. dxe5 Ng4 14. f4 Nxh2 15. Nf1 Nxf1 16. Bxf1 Qb6+ 17. Be3 Qxb3 18. axb3 a6 19. Bc5 Re8 20. b4 Be6 21. g3 Bf8 22. Bb6 Be7 23. Red1 Kf7 24. Rd2 h5 25. Rh2 Rh8 26. Bf2 Rhc8 27. Bc5 Bd8 28. Be3 a5 29. b5 c5 30. Rd2 b6 31. Bg2 Be7 32. Bxd5 Bxd5 33. Rxd5 Rd8 34. Rad1 Rxd5 35. Rxd5 Ke6 36. c4 Rh8 37. Rd2 Rd8 1/2-1/2

[Event "Regionalliga NW 1415"]
[Site "Bayern"]
[Date "2015.02.22"]
[Round "7.7"]
[White "Markert, Markus"]
[Black "Leicht, Gerhard"]
[Result "1-0"]
[WhiteElo "1904"]
[BlackElo "1752"]
[PlyCount "83"]
[EventDate "2014.10.19"]
[EventType "team-tourn"]
[EventRounds "9"]
[EventCountry "GER"]
[SourceTitle "EXT 2018"]
[Source "ChessBase"]
[SourceDate "2017.10.13"]
[SourceVersion "1"]
[SourceVersionDate "2017.10.13"]
[SourceQuality "1"]
[WhiteTeam "Bad Neustadt"]
[BlackTeam "Hoechstadt/Aisch"]
[WhiteTeamCountry "GER"]
[BlackTeamCountry "GER"]

1. d4 d5 2. Nf3 Nf6 3. Bf4 e6 4. e3 c5 5. c3 Nc6 6. Nbd2 Bd6 7. dxc5 Bxc5 8. Bd3 Qe7 9. Ne5 Bd6 10. Ndf3 Nd7 11. Nxd7 Bxd7 12. Bxd6 Qxd6 13. 0-0 e5 14. Bc4 Be6 15. Bb3 Rd8 16. h3 Qe7 17. Qe2 0-0 18. Rad1 Rd7 19. Rd2 Rfd8 20. Rfd1 a6 21. Nh2 f5 22. Nf3 g5 23. Nh2 Na5 24. g3 Nxb3 25. axb3 f4 26. exf4 exf4 27. Qe5 Bf7 28. Qd4 Be8 29. Nf3 h6 30. Re1 Qg7 31. Re5 Rd6 32. Rde2 Bc6 33. Qb4 Qf8 34. Nd4 R6d7 35. Qb6 Rb8 36. Re6 Rd6 37. Rxd6 Qxd6 38. Nf5 Qf8 39. Re6 Re8 40. Rg6+ Kf7 41. Rg7+ Qxg7 42. Qc7+ 1-0

[Event "Regionalliga NW 1415"]
[Site "Bayern"]
[Date "2014.10.19"]
[Round "1.6"]
[White "Markert, Markus"]
[Black "Sonnenberg, Christoph"]
[Result "1/2-1/2"]
[WhiteElo "1904"]
[BlackElo "1892"]
[PlyCount "81"]
[EventDate "2014.10.19"]
[EventType "team-tourn"]
[EventRounds "9"]
[EventCountry "GER"]
[SourceTitle "EXT 2018"]
[Source "ChessBase"]
[SourceDate "2017.10.13"]
[SourceVersion "1"]
[SourceVersionDate "2017.10.13"]
[SourceQuality "1"]
[WhiteTeam "Bad Neustadt"]
[BlackTeam "Rottendorf"]
[WhiteTeamCountry "GER"]
[BlackTeamCountry "GER"]

1. d4 Nf6 2. Nf3 e6 3. Bf4 Nc6 4. e3 Be7 5. Nbd2 0-0 6. c3 d6 7. Qc2 Nh5 8. Bg3 f5 9. Bd3 Bd7 10. 0-0-0 h6 11. h3 Nxg3 12. fxg3 a6 13. e4 b5 14. d5 fxe4 15. Bxe4 exd5 16. Bxd5+ Kh8 17. g4 Rb8 18. h4 Ne5 19. Nxe5 dxe5 20. g5 h5 21. Bf3 Qe8 22. Ne4 Bf5 23. Qe2 g6 24. Ng3 Bd6 25. Nxf5 Rxf5 26. g4 hxg4 27. Bxg4 Rf4 28. h5 Kg7 29. Bf3 e4 30. Bg2 Qe6 31. Qe3 Rbf8 32. hxg6 Qxg6 33. Qd4+ Kf7 34. Qd5+ Ke7 35. Rh6 Qf5 36. Bh3 Qxd5 37. Rxd5 Kf7 38. Rh7+ Kg6 39. Rh6+ Kg7 40. Re6 Rh4 41. Bf5 1/2-1/2

[Event "Regionalliga NW 1314"]
[Site "Bayern"]
[Date "2014.01.19"]
[Round "5.5"]
[White "Markert, Markus"]
[Black "Horther, Heinrich"]
[Result "1/2-1/2"]
[WhiteElo "1921"]
[BlackElo "1932"]
[PlyCount "41"]
[EventDate "2013.10.13"]
[EventType "team-tourn"]
[EventRounds "9"]
[EventCountry "GER"]
[SourceTitle "EXT 2015"]
[Source "ChessBase"]
[SourceDate "2014.11.20"]
[SourceVersion "1"]
[SourceVersionDate "2014.11.20"]
[SourceQuality "1"]
[WhiteTeam "Bad Neustadt"]
[BlackTeam "Kronach"]
[WhiteTeamCountry "GER"]
[BlackTeamCountry "GER"]

1. e4 e6 2. d4 d5 3. exd5 exd5 4. Bd3 Nf6 5. Bf4 c5 6. dxc5 Bxc5 7. Nf3 0-0 8. 0-0 Nc6 9. c3 Re8 10. Nbd2 Bg4 11. Qc2 Rc8 12. h3 Bh5 13. Bf5 Bg6 14. Bxg6 hxg6 15. Rad1 Bb6 16. Nb3 Ne4 17. Qd3 Qf6 18. Bh2 Rcd8 19. Nbd4 Re7 20. Rfe1 Rde8 21. Rf1 1/2-1/2

[Event "Regionalliga NW 1314"]
[Site "Bayern"]
[Date "2013.11.24"]
[Round "3.4"]
[White "Mittag, Ralf"]
[Black "Markert, Markus"]
[Result "1-0"]
[WhiteElo "2123"]
[BlackElo "1921"]
[PlyCount "39"]
[EventDate "2013.10.13"]
[EventType "team-tourn"]
[EventRounds "9"]
[EventCountry "GER"]
[SourceTitle "EXT 2015"]
[Source "ChessBase"]
[SourceDate "2014.11.20"]
[SourceVersion "1"]
[SourceVersionDate "2014.11.20"]
[SourceQuality "1"]
[WhiteTeam "Bamberg"]
[BlackTeam "Bad Neustadt"]
[WhiteTeamCountry "GER"]
[BlackTeamCountry "GER"]

1. c4 e6 2. Nc3 Nf6 3. e4 d5 4. cxd5 exd5 5. e5 Nfd7 6. d4 Nb6 7. Be3 Be7 8. f4 Bf5 9. Nf3 N8d7 10. Bd3 Bxd3 11. Qxd3 Rc8 12. Rd1 Bb4 13. 0-0 Bxc3 14. Qxc3 g6 15. f5 Qe7 16. Bg5 f6 17. exf6 Qf7 18. Rde1+ Kf8 19. Re7 Qg8 20. Bh6+ 1-0

[Event "Regionalliga NW 1213"]
[Site "Bayern"]
[Date "2013.03.17"]
[Round "8.6"]
[White "Markert, Markus"]
[Black "Schleupner, Kurt"]
[Result "1/2-1/2"]
[WhiteElo "1916"]
[BlackElo "1785"]
[PlyCount "135"]
[EventDate "2012.10.14"]
[EventType "team-tourn"]
[EventRounds "9"]
[EventCountry "GER"]
[SourceTitle "EXT 2015"]
[Source "ChessBase"]
[SourceDate "2014.11.20"]
[SourceVersion "1"]
[SourceVersionDate "2014.11.20"]
[SourceQuality "1"]
[WhiteTeam "Bad Neustadt"]
[BlackTeam "Hof"]
[WhiteTeamCountry "GER"]
[BlackTeamCountry "GER"]

1. e4 c5 2. d4 cxd4 3. Nf3 d6 4. Nxd4 Nf6 5. Nc3 e6 6. Be2 Be7 7. 0-0 0-0 8. Be3 Nc6 9. f3 a6 10. Nb3 Qc7 11. Qd2 b5 12. a3 Bb7 13. Rfd1 Rac8 14. Rac1 Rfd8 15. Qe1 Kh8 16. Qf2 Nd7 17. f4 Na5 18. Nxa5 Qxa5 19. Bd3 Qc7 20. Ne2 Bf6 21. c3 Nc5 22. Ng3 Nxd3 23. Rxd3 Qc4 24. Rcd1 Bxe4 25. Rd4 Bxd4 26. Rxd4 Qa2 27. Nxe4 d5 28. Ng3 Qb1+ 29. Nf1 Rc4 30. h3 a5 31. Kh2 Rb8 32. Nd2 Qxb2 33. Nxc4 Qxf2 34. Bxf2 bxc4 35. Rd2 Rb3 36. Bd4 a4 37. Ra2 Kg8 38. Kg3 Kf8 39. Kf2 f6 40. Ke2 Ke7 41. Bc5+ Kd7 42. Bb4 g6 43. Rd2 Kc6 44. Ke3 e5 45. fxe5 fxe5 46. Kf2 Rb1 47. Re2 e4 48. Ke3 Rd1 49. Rf2 Rd3+ 50. Ke2 d4 51. cxd4 c3 52. Rf8 Kd5 53. Rd8+ Kc4 54. d5 Kb3 55. Rc8 c2 56. d6 Kb2 57. Bd2 Rxd6 58. Rc4 Rd3 59. Rb4+ Kxa3 60. Rxe4 Rd7 61. Bc1+ Kb3 62. Re3+ Ka2 63. Rd3 Re7+ 64. Kd2 Kb1 65. Rd4 Rb7 66. Rxa4 Rd7+ 67. Kc3 Rc7+ 68. Kd2 1/2-1/2

[Event "Unterfranken-ch M2 63th"]
[Site "Schweinfurt"]
[Date "2012.04.13"]
[Round "7"]
[White "Markert, Markus"]
[Black "Link, Klaus"]
[Result "1-0"]
[WhiteElo "1864"]
[BlackElo "1892"]
[PlyCount "101"]
[EventDate "2012.04.09"]
[EventType "swiss"]
[EventRounds "9"]
[EventCountry "GER"]
[SourceTitle "EXT 2015"]
[Source "ChessBase"]
[SourceDate "2014.11.20"]
[SourceVersion "1"]
[SourceVersionDate "2014.11.20"]
[SourceQuality "1"]

1. e4 c5 2. d4 cxd4 3. Nf3 d6 4. Nxd4 Nf6 5. Nc3 Nc6 6. Be2 e5 7. Nb3 Be7 8. Be3 Be6 9. Bf3 0-0 10. 0-0 Na5 11. Bg5 Nxb3 12. axb3 a6 13. Bxf6 Bxf6 14. Qd3 Be7 15. Rfd1 Qc7 16. Rd2 Rac8 17. h3 g6 18. Ra4 Qd7 19. Nd5 Bxd5 20. Qxd5 Qc6 21. c3 Qxd5 22. Rxd5 Rc5 23. Rd1 Rb5 24. b4 Kg7 25. Be2 Rb6 26. Bc4 f5 27. Bd5 fxe4 28. Bxe4 Ra8 29. Ra5 Rf8 30. f3 Kf6 31. Rad5 h6 32. Ra1 Rc8 33. Kf2 g5 34. Kg3 h5 35. Rh1 Ke6 36. Kf2 Rg8 37. g4 Rh8 38. Rdd1 a5 39. bxa5 Rxb2+ 40. Ke3 hxg4 41. fxg4 Rb5 42. Ra1 d5 43. Bf5+ Kf7 44. a6 Bc5+ 45. Kd2 bxa6 46. Rxa6 Bb6 47. Bd3 Rb2+ 48. Kc1 Rg2 49. Rxb6 Rc8 50. Rf1+ Ke7 51. Rb7+ 1-0